ბათუმის შოთა რუსთაველის სახელმწიფო უნივერსიტეტის ბიბლიოთეკა

Устроиства автоматики, телемеханики и связи на железнодорожном транспорте. (ბიბ.ჩანაწერი № 41148)

000 -LEADER
fixed length control field 00939nam a2200241Ia 4500
001 - CONTROL NUMBER
control field 7798
003 - CONTROL NUMBER IDENTIFIER
control field GE_BSU
008 - FIXED-LENGTH DATA ELEMENTS--GENERAL INFORMATION
fixed length control field 181216s||||||||xx |||||||||||||| ||und||
040 ## - CATALOGING SOURCE
Transcribing agency GE_BSU
080 ## - UNIVERSAL DECIMAL CLASSIFICATION NUMBER
Universal Decimal Classification number 656.25(075.32)
100 ## - MAIN ENTRY--PERSONAL NAME
Personal name Казаков,Е.А. Давыдовский,В.М. казаков,Е.А.
245 ## - TITLE STATEMENT
Title Устроиства автоматики, телемеханики и связи на железнодорожном транспорте.
245 ## - TITLE STATEMENT
Remainder of title Учебник.
245 ## - TITLE STATEMENT
Statement of responsibility, etc. Ред.:В.В.Кончаков, Т.В.Бирюкова.
250 ## - EDITION STATEMENT
Edition statement Изд 6-ое, перераб. и дополн.
260 ## - PUBLICATION, DISTRIBUTION, ETC.
Place of publication, distribution, etc. М.
260 ## - PUBLICATION, DISTRIBUTION, ETC.
Name of publisher, distributor, etc. Транспорт.
260 ## - PUBLICATION, DISTRIBUTION, ETC.
Date of publication, distribution, etc. 1978.
300 ## - PHYSICAL DESCRIPTION
Extent 383 стр. с илл. 22 см.
300 ## - PHYSICAL DESCRIPTION
Accompanying material табл.
653 ## - INDEX TERM--UNCONTROLLED
Uncontrolled term Устроиства автоматики, телемеханики и связи на железнодорожном транспорте.
942 ## - ADDED ENTRY ELEMENTS (KOHA)
Koha item type წიგნი
ეგზემპლარები
Withdrawn status Lost status Damaged status Not for loan Date acquired Barcode Date last seen Price effective from Koha item type
        2018-12-17 12298 2018-12-17 2018-12-17 წიგნი